[Event "17. Open de la Constitución 2015"]
[Site "San Sebastian de los Reyes ES"]
[Date "2015.12.06"]
[Round "7.7"]
[White "Clavero Alarcon, Jose Miguel"]
[Black "Esquivias Gomez, Francisco J"]
[Result "1/2-1/2"]
[WhiteElo "1873"]
[BlackElo "2029"]
[PlyCount "93"]
[EventDate "2015.11.30"]
[EventType "swiss"]
[EventRounds "9"]
[EventCountry "ESP"]
[Source "lmi"]
[SourceDate "2015.11.30"]

1. c4 e5 2. g3 Nc6 3. Nc3 f5 4. Bg2 Nf6 5. e4 d6 6. Nge2 Be7 7. O-O O-O 8. d3
Qe8 9. Nd5 Bd8 10. Nec3 Nd4 11. Be3 c6 12. Nxf6+ Bxf6 13. Qd2 f4 14. gxf4 exf4
15. Bxf4 Bh3 16. Bg3 Nf3+ 17. Bxf3 Bxc3 18. Qe3 Bd2 19. Qxd2 Rxf3 20. Rfe1 Qh5
21. e5 dxe5 22. d4 Rd8 23. d5 Qf5 24. Rad1 e4 25. Qd4 Rd3 26. Rxd3 exd3 27. Re7
Qg6 28. f4 cxd5 29. cxd5 Bf5 30. Qe5 Kf8 31. Rxb7 Re8 32. Rb8 Bc8 33. Qc3 Qf5
34. Qc5+ Kg8 35. Qc6 Rf8 36. Qc3 Qxd5 37. Be1 Be6 38. Rxf8+ Kxf8 39. Bd2 Kf7
40. Qe5 Qxe5 41. fxe5 Bxa2 42. Kf2 Ke6 43. Bc3 Kd5 44. e6 Kxe6 45. Bxg7 Kd5 46.
Ke3 Bc4 47. Bc3 1/2-1/2

[Event "17. Open de la Constitución 2015"]
[Site "San Sebastian de los Reyes ES"]
[Date "2015.12.06"]
[Round "7.8"]
[White "Cabanas Bravo, Juan Andres"]
[Black "Gonzalez Berrendero, Carlos"]
[Result "1-0"]
[WhiteElo "2012"]
[BlackElo "1842"]
[PlyCount "66"]
[EventDate "2015.11.30"]
[EventType "swiss"]
[EventRounds "9"]
[EventCountry "ESP"]
[Source "lmi"]
[SourceDate "2015.11.30"]

1. e4 c5 2. Nf3 d6 3. d4 cxd4 4. Nxd4 Nf6 5. Nc3 g6 6. Be3 Bg7 7. f3 O-O 8. Qd2
Nc6 9. Bc4 Bd7 10. h4 Rb8 11. h5 b5 12. Bb3 b4 13. Nd5 Nxd5 14. Bxd5 Bxd4 15.
Bxd4 Nxd4 16. Qxd4 e6 17. Bb3 Qg5 18. Qxa7 Bb5 19. hxg6 hxg6 20. Qf2 d5 21. f4
Qf6 22. e5 Qf5 23. O-O-O Kg7 24. Rh4 Rh8 25. g4 Qe4 26. Re1 Rxh4 27. Rxe4 dxe4
28. Qxh4 e3 29. Qf6+ Kg8 30. f5 Rb7 31. fxe6 fxe6 32. Qxg6+ Rg7 33. Bxe6+ Kf8
1-0

[Event "17. Open de la Constitución 2015"]
[Site "San Sebastian de los Reyes ES"]
[Date "2015.12.06"]
[Round "7.9"]
[White "Marcos Herrero, Francisco"]
[Black "Tarrio Ocana, Jose Manuel"]
[Result "1-0"]
[WhiteElo "1992"]
[BlackElo "1829"]
[PlyCount "81"]
[EventDate "2015.11.30"]
[EventType "swiss"]
[EventRounds "9"]
[EventCountry "ESP"]
[Source "lmi"]
[SourceDate "2015.11.30"]

1. Nf3 Nf6 2. c4 e6 3. g3 g6 4. d4 d5 5. Bg2 Bg7 6. O-O O-O 7. Qc2 Nbd7 8. b3
Ne4 9. Bb2 c6 10. Nbd2 Nxd2 11. Nxd2 Nf6 12. Rad1 Qc7 13. e4 dxe4 14. Nxe4 Nxe4
15. Bxe4 b6 16. Bc1 e5 17. d5 cxd5 18. Bxd5 Bf5 19. Qe2 Rad8 20. h4 Rfe8 21.
Bg5 Rd7 22. Qe3 Be6 23. Qf3 h6 24. Bxe6 Rxe6 25. Rxd7 Qxd7 26. Rd1 Rd6 27. Rxd6
Qxd6 28. Qa8+ Kh7 29. Be3 Qc7 30. Qd5 f5 31. b4 Bf8 32. c5 f4 33. gxf4 exf4 34.
Bd4 bxc5 35. bxc5 Qe7 36. c6 Qe1+ 37. Kg2 f3+ 38. Qxf3 Qe8 39. c7 Bg7 40. Bxg7
Kxg7 41. Qc3+ 1-0

[Event "17. Open de la Constitución 2015"]
[Site "San Sebastian de los Reyes ES"]
[Date "2015.12.06"]
[Round "7.10"]
[White "Marin Aso, Jose Luis"]
[Black "Bartolome Martin, Angel"]
[Result "1-0"]
[WhiteElo "1775"]
[BlackElo "1749"]
[PlyCount "49"]
[EventDate "2015.11.30"]
[EventType "swiss"]
[EventRounds "9"]
[EventCountry "ESP"]
[Source "lmi"]
[SourceDate "2015.11.30"]

1. e4 c5 2. Nf3 d6 3. d4 cxd4 4. Nxd4 Nf6 5. Nc3 a6 6. Be3 e6 7. f4 b5 8. Bd3
Nbd7 9. Qf3 Bb7 10. O-O Be7 11. Rae1 O-O 12. Qh3 b4 13. Nce2 e5 14. Nf5 Bxe4
15. fxe5 Nxe5 16. Bd4 Bxd3 17. cxd3 Ng6 18. Neg3 Re8 19. Nxg7 Kxg7 20. Nf5+ Kg8
21. Rxe7 Nxe7 22. Bxf6 Qc7 23. Nxe7+ Rxe7 24. Qh6 Qc5+ 25. Kh1 1-0

[Event "17. Open de la Constitución 2015"]
[Site "San Sebastian de los Reyes ES"]
[Date "2015.12.06"]
[Round "7.11"]
[White "Sacristan Virseda, Fernando"]
[Black "Tronch Ilzarbe, Carlos Maria"]
[Result "1/2-1/2"]
[WhiteElo "1951"]
[BlackElo "1722"]
[PlyCount "54"]
[EventDate "2015.11.30"]
[EventType "swiss"]
[EventRounds "9"]
[EventCountry "ESP"]
[Source "lmi"]
[SourceDate "2015.11.30"]

1. d4 Nf6 2. Nf3 e6 3. Bg5 Be7 4. e3 d5 5. Bd3 b6 6. Nbd2 Bb7 7. O-O O-O 8. Ne5
h6 9. Bh4 Nbd7 10. f4 Ne4 11. Bxe7 Qxe7 12. c3 c5 13. Ndf3 a6 14. Nxd7 Qxd7 15.
Ne5 Qe8 16. Qg4 f6 17. Nf3 Bc8 18. Qh4 Ra7 19. Rfb1 g5 20. Qe1 Rg7 21. b4 gxf4
22. exf4 Qg6 23. Nh4 Qg4 24. bxc5 bxc5 25. Bxe4 dxe4 26. dxc5 Qxf4 27. Rb6 Rg4
1/2-1/2

[Event "17. Open de la Constitución 2015"]
[Site "San Sebastian de los Reyes ES"]
[Date "2015.12.06"]
[Round "7.12"]
[White "Martinez Miura, Enrique"]
[Black "Sebastian Enesco, Alex"]
[Result "0-1"]
[WhiteElo "1611"]
[BlackElo "1833"]
[PlyCount "58"]
[EventDate "2015.11.30"]
[EventType "swiss"]
[EventRounds "9"]
[EventCountry "ESP"]
[Source "lmi"]
[SourceDate "2015.11.30"]

1. Nf3 Nf6 2. c4 g6 3. d4 Bg7 4. Nc3 d6 5. e4 Nbd7 6. Be2 O-O 7. O-O e5 8. dxe5
Nxe5 9. Nxe5 dxe5 10. Bg5 h6 11. Bh4 g5 12. Bg3 Nd7 13. Qd5 c6 14. Qd2 Nb6 15.
Qxd8 Rxd8 16. Rad1 Be6 17. c5 Nd7 18. b4 a5 19. a3 axb4 20. axb4 Ra3 21. Rc1
Rb3 22. b5 Nxc5 23. bxc6 bxc6 24. Rfd1 Rxd1+ 25. Bxd1 Ra3 26. f3 Nd3 27. Nb1
Ra1 28. Rc3 Nb4 29. Rc1 Na2 0-1

[Event "17. Open de la Constitución 2015"]
[Site "San Sebastian de los Reyes ES"]
[Date "2015.12.06"]
[Round "7.13"]
[White "Camarero Izquierdo, Juan Carlos"]
[Black "Minguela Munoz, Bienvenido"]
[Result "0-1"]
[WhiteElo "1825"]
[BlackElo "1726"]
[PlyCount "54"]
[EventDate "2015.11.30"]
[EventType "swiss"]
[EventRounds "9"]
[EventCountry "ESP"]
[Source "lmi"]
[SourceDate "2015.11.30"]

1. d4 Nf6 2. Nc3 d5 3. Bg5 c6 4. Qd3 Nbd7 5. f3 e5 6. e4 Bb4 7. O-O-O Qa5 8.
Bxf6 gxf6 9. Nge2 c5 10. Kb1 dxe4 11. Qxe4 cxd4 12. Nxd4 Bxc3 13. bxc3 Qxc3 14.
Nb5 Qc5 15. Nd6+ Kf8 16. Bc4 Qb6+ 17. Bb3 Nc5 18. Qh4 Be6 19. Qxf6 Rg8 20. Ka1
Nxb3+ 21. cxb3 Rxg2 22. Qh8+ Ke7 23. Nf5+ Bxf5 24. Qxa8 Be6 25. Rd3 Qa5 26.
Qxb7+ Kf6 27. a4 Qc5 0-1

[Event "17. Open de la Constitución 2015"]
[Site "San Sebastian de los Reyes ES"]
[Date "2015.12.06"]
[Round "7.14"]
[White "Fernandez Estremera, Fernando"]
[Black "Largo Barbero, Benito"]
[Result "0-1"]
[WhiteElo "1564"]
[BlackElo "1954"]
[PlyCount "78"]
[EventDate "2015.11.30"]
[EventType "swiss"]
[EventRounds "9"]
[EventCountry "ESP"]
[Source "lmi"]
[SourceDate "2015.11.30"]

1. d4 Nf6 2. c4 Nc6 3. Nc3 e5 4. d5 Ne7 5. e4 Ng6 6. a3 a6 7. Be2 Bc5 8. Qc2 d6
9. h3 O-O 10. Nf3 Qe8 11. O-O Nh5 12. b4 Ba7 13. Kh1 f5 14. Ng5 Nhf4 15. g3
Nxe2 16. Qxe2 h6 17. Nf3 fxe4 18. Ng1 Bd4 19. Bb2 Bf5 20. Ra2 Qd7 21. Kh2 Ne7
22. Nxe4 Ba7 23. Bc1 Rf7 24. Nc3 Raf8 25. Be3 Bxe3 26. Qxe3 Bh7 27. Rd2 Nf5 28.
Qe2 Nd4 29. Qd1 Nf3+ 30. Nxf3 Rxf3 31. Qc1 Bd3 32. Rfd1 e4 33. Kg2 Qf5 34. Qb2
Bxc4 35. Re1 Bd3 36. a4 e3 37. fxe3 Bf1+ 38. Rxf1 Rxf1 39. Kh2 Rh1+ 0-1

[Event "17. Open de la Constitución 2015"]
[Site "San Sebastian de los Reyes ES"]
[Date "2015.12.06"]
[Round "7.15"]
[White "Lopez Ziegler, Juan Jose"]
[Black "Vukotic Jovsic, Dragan"]
[Result "0-1"]
[WhiteElo "1543"]
[BlackElo "1943"]
[PlyCount "62"]
[EventDate "2015.11.30"]
[EventType "swiss"]
[EventRounds "9"]
[EventCountry "ESP"]
[Source "lmi"]
[SourceDate "2015.11.30"]

1. d4 d5 2. Bf4 Nf6 3. e3 c5 4. Nf3 Bg4 5. h3 Bf5 6. c3 Qb6 7. Qa4+ Nbd7 8. Nh4
Qxb2 9. Nxf5 Qxa1 10. Qc2 e6 11. Nd6+ Bxd6 12. Bxd6 Ne4 13. Bxc5 Ndxc5 14. dxc5
O-O 15. Bd3 Rfc8 16. Bxe4 dxe4 17. O-O Rxc5 18. Rc1 Rac8 19. Qb3 h6 20. Kh2
R8c7 21. Qa3 a6 22. Qb3 Rb5 23. Qc2 Rb2 24. Qxe4 Qxa2 25. Rd1 Rc8 26. c4 g6 27.
Nc3 Qxc4 28. Rd8+ Kh7 29. Rd7 Rc7 30. Rxc7 Qxc7+ 31. Kg1 Qxc3 0-1

[Event "17. Open de la Constitución 2015"]
[Site "San Sebastian de los Reyes ES"]
[Date "2015.12.06"]
[Round "7.16"]
[White "Mehalingam, Karunanithi"]
[Black "Guillo Longares, Cecilia"]
[Result "0-1"]
[WhiteElo "1449"]
[BlackElo "1815"]
[PlyCount "134"]
[EventDate "2015.11.30"]
[EventType "swiss"]
[EventRounds "9"]
[EventCountry "ESP"]
[Source "lmi"]
[SourceDate "2015.11.30"]

1. d4 Nf6 2. c4 c5 3. d5 e6 4. Bg5 exd5 5. cxd5 d6 6. Nc3 g6 7. f3 Bg7 8. e4
O-O 9. Bd3 a6 10. Qc2 b5 11. b3 Qa5 12. Nge2 b4 13. Na4 Nxd5 14. exd5 Bxa1 15.
Nb2 Qxa2 16. Bf6 Nd7 17. Nc1 Qa3 18. Nc4 Re8+ 19. Kd1 Nxf6 20. Nxa3 bxa3 21.
Qa2 Bb2 22. Bc4 Bb7 23. Nd3 Bxd5 24. Nxb2 axb2 25. Qxb2 Bxc4 26. bxc4 Rab8 27.
Qa1 Nd7 28. Re1 Ne5 29. f4 Nxc4 30. Rxe8+ Rxe8 31. Qxa6 d5 32. Qc6 Re4 33. g3
Ne3+ 34. Kc1 Kg7 35. h3 c4 36. Kb1 Re6 37. Qc5 Re4 38. Qc6 Nd1 39. Kc2 Re6 40.
Qa4 Ne3+ 41. Kc3 Rd6 42. Kd4 Nf5+ 43. Kc5 Rd7 44. Kc6 Rd6+ 45. Kc7 Re6 46. g4
Ne3 47. Qa1+ f6 48. Kd7 Kf7 49. g5 Nf5 50. Qa8 Rd6+ 51. Kc7 c3 52. Qa2 fxg5 53.
fxg5 Ke7 54. Qe2+ Re6 55. Qb5 Rd6 56. Qe2+ Kf7 57. h4 d4 58. Qd3 Ke7 59. Qe4+
Re6 60. Qd5 Nd6 61. Qc5 d3 62. Kc6 Ke8 63. Kd5 d2 64. Qc6+ Kf7 65. Qd7+ Re7 66.
Qa4 Nf5 67. Qd1 Ne3+ 0-1

[Event "17. Open de la Constitución 2015"]
[Site "San Sebastian de los Reyes ES"]
[Date "2015.12.06"]
[Round "7.17"]
[White "Asins Martin, Jose"]
[Black "Alvarez Gonzalez, Eduardo"]
[Result "1/2-1/2"]
[WhiteElo "1250"]
[BlackElo "1779"]
[PlyCount "73"]
[EventDate "2015.11.30"]
[EventType "swiss"]
[EventRounds "9"]
[EventCountry "ESP"]
[Source "lmi"]
[SourceDate "2015.11.30"]

1. Nf3 Nf6 2. d4 e6 3. Bf4 b6 4. e3 Bb7 5. Bd3 Be7 6. O-O O-O 7. Nbd2 Nd5 8.
Bg3 f5 9. h3 d6 10. a3 Nf6 11. Ng5 Qd7 12. e4 h6 13. e5 hxg5 14. exf6 Bxf6 15.
c3 Nc6 16. f4 Qf7 17. Bh2 gxf4 18. Bxf4 Ne7 19. Be2 e5 20. dxe5 dxe5 21. Bh2
Rad8 22. Qc2 g6 23. Rf2 Kh7 24. Raf1 e4 25. Rf4 Bg5 26. Nxe4 Bxf4 27. Rxf4 Qd5
28. Rh4+ Kg8 29. Nf6+ Rxf6 30. Bc4 Re6 31. Bxd5 Bxd5 32. Qc1 Re2 33. Kf1 Rxg2
34. Bxc7 Re8 35. Qh6 Kf7 36. Qe3 Nc6 37. Rh7+ 1/2-1/2

[Event "17. Open de la Constitución 2015"]
[Site "San Sebastian de los Reyes ES"]
[Date "2015.12.06"]
[Round "7.18"]
[White "Sirera Ripoll, Jose Luis"]
[Black "Villodre Miranda, Juan Alonso"]
[Result "1-0"]
[WhiteElo "1769"]
[BlackElo "1660"]
[PlyCount "31"]
[EventDate "2015.11.30"]
[EventType "swiss"]
[EventRounds "9"]
[EventCountry "ESP"]
[Source "lmi"]
[SourceDate "2015.11.30"]

1. e4 c5 2. Nc3 e5 3. Bc4 g6 4. d3 Bg7 5. f4 d6 6. Nf3 Bg4 7. fxe5 dxe5 8. O-O
Ne7 9. Bxf7+ Kd7 10. Nxe5+ Bxe5 11. Qxg4+ Kc6 12. Bg5 Qd4+ 13. Kh1 Nc8 14. Bd5+
Kb6 15. Qe6+ Nd6 16. Ne2 1-0

[Event "17. Open de la Constitución 2015"]
[Site "San Sebastian de los Reyes ES"]
[Date "2015.12.06"]
[Round "7.19"]
[White "Galan Aguado, Fernando"]
[Black "Garcia Lopez, Fernando"]
[Result "1-0"]
[WhiteElo "1720"]
[BlackElo "1644"]
[PlyCount "131"]
[EventDate "2015.11.30"]
[EventType "swiss"]
[EventRounds "9"]
[EventCountry "ESP"]
[Source "lmi"]
[SourceDate "2015.11.30"]

1. d4 Nf6 2. Nf3 e6 3. e3 c5 4. Bd3 d5 5. b3 Nc6 6. O-O Bd6 7. Bb2 O-O 8. Ne5
cxd4 9. exd4 Nd7 10. f4 Nf6 11. Nd2 a6 12. a3 Ne7 13. c4 b6 14. b4 Rb8 15. Qc2
Bb7 16. Rae1 a5 17. b5 Qc7 18. Rc1 Rbc8 19. Qa4 Qb8 20. Nb3 dxc4 21. Bxc4 Nfd5
22. Nd7 Qa8 23. Nxf8 Kxf8 24. Rf2 Ne3 25. Bf1 Rxc1 26. Bxc1 Nd1 27. Rd2 Ne3 28.
Re2 N3d5 29. Qc4 Nxf4 30. Bxf4 Bxf4 31. Qd3 g6 32. Nd2 Qb8 33. h3 Bh2+ 34. Kh1
Nd5 35. Rf2 Bf4 36. Nc4 Ba8 37. Be2 Kg8 38. Bf3 g5 39. Be4 f5 40. Bf3 Qe8 41.
Re2 Qd7 42. a4 Bc7 43. Qd2 Bf4 44. Qe1 Qc7 45. Rc2 Qe7 46. Bxd5 Bxd5 47. Nxb6
Bxg2+ 48. Rxg2 h5 49. Qf2 Qd6 50. Nc4 Qc7 51. Qe2 Kf7 52. Ne5+ Kf6 53. Nc6 g4
54. Qe1 g3 55. Qxa5 Qxa5 56. Nxa5 h4 57. Nc6 Kf7 58. Re2 Bc7 59. d5 f4 60. Kg2
f3+ 61. Kxf3 e5 62. Nxe5+ Bxe5 63. Rxe5 Kf6 64. Re6+ Kf5 65. b6 g2 66. Kxg2 1-0

[Event "17. Open de la Constitución 2015"]
[Site "San Sebastian de los Reyes ES"]
[Date "2015.12.06"]
[Round "7.20"]
[White "Reyes Penas, Sebastian"]
[Black "Garcia Minguez, Antonio"]
[Result "1/2-1/2"]
[WhiteElo "1684"]
[BlackElo "1572"]
[PlyCount "89"]
[EventDate "2015.11.30"]
[EventType "swiss"]
[EventRounds "9"]
[EventCountry "ESP"]
[Source "lmi"]
[SourceDate "2015.11.30"]

1. e4 c5 2. Nf3 d6 3. d4 cxd4 4. Nxd4 Nf6 5. Nc3 g6 6. g3 Bg7 7. Bg2 O-O 8. O-O
Nbd7 9. h3 Ne5 10. b3 a6 11. a4 Bd7 12. Be3 Qc8 13. Nd5 Nxd5 14. exd5 Bxh3 15.
c4 Bxg2 16. Kxg2 Ng4 17. Bc1 Ne5 18. Re1 Re8 19. Bb2 Qg4 20. f3 Qc8 21. Rc1 Nd7
22. Re2 Ne5 23. Qd2 Rb8 24. a5 Qd7 25. f4 Ng4 26. b4 Rbc8 27. Ree1 h5 28. Nf3
e5 29. dxe6 Rxe6 30. Bxg7 Kxg7 31. Ne5 Nxe5 32. fxe5 Qc6+ 33. Qd5 Rxe5 34. Rxe5
dxe5 35. Qxc6 Rxc6 36. Kf3 f5 37. Ke3 Kf6 38. c5 Rc7 39. Rd1 Kg5 40. Rd5 e4 41.
Rd6 Rg7 42. c6 bxc6 43. Rxc6 Rb7 44. Rb6 Ra7 45. Rc6 1/2-1/2

[Event "17. Open de la Constitución 2015"]
[Site "San Sebastian de los Reyes ES"]
[Date "2015.12.06"]
[Round "7.22"]
[White "Medina Balenciaga, Patricio"]
[Black "Hernandez Ramos, Alberto"]
[Result "0-1"]
[WhiteElo "1416"]
[BlackElo "1578"]
[PlyCount "60"]
[EventDate "2015.11.30"]
[EventType "swiss"]
[EventRounds "9"]
[EventCountry "ESP"]
[Source "lmi"]
[SourceDate "2015.11.30"]

1. e4 e5 2. Nf3 Nc6 3. Bc4 Bc5 4. c3 Nf6 5. d4 exd4 6. e5 d5 7. cxd4 Bb4+ 8.
Nc3 Ne4 9. Bb5 Nxc3 10. Bxc6+ bxc6 11. Qb3 Nxa2+ 12. Bd2 Bxd2+ 13. Nxd2 Qg5 14.
g3 Qg4 15. f4 Ba6 16. Nf3 Bc4 17. Qe3 Nb4 18. Kd2 O-O 19. Ra4 a5 20. e6 Qxe6
21. Ne5 Bb5 22. Raa1 Rfe8 23. g4 f6 24. f5 Qe7 25. Rae1 fxe5 26. dxe5 Nd3 27.
f6 Qb4+ 28. Kd1 Rxe5 29. f7+ Kf8 30. Qg3 Ba4+ 0-1

[Event "17. Open de la Constitución 2015"]
[Site "San Sebastian de los Reyes ES"]
[Date "2015.12.06"]
[Round "7.25"]
[White "Alfaya Martinez, Enrique"]
[Black "Di Pietro Moreno, Fatima"]
[Result "1-0"]
[WhiteElo "1586"]
[BlackElo "1408"]
[PlyCount "101"]
[EventDate "2015.11.30"]
[EventType "swiss"]
[EventRounds "9"]
[EventCountry "ESP"]
[Source "lmi"]
[SourceDate "2015.11.30"]

1. d4 d5 2. Nf3 Nf6 3. Bf4 Bf5 4. e3 c6 5. h3 Qb6 6. b3 e6 7. Be2 Bb4+ 8. Nfd2
Ne4 9. O-O Nxd2 10. Nxd2 Nd7 11. a3 Be7 12. c4 Nf6 13. c5 Qd8 14. b4 O-O 15. a4
Qd7 16. b5 h6 17. bxc6 bxc6 18. Nb3 Ne4 19. Qe1 g5 20. Bh2 Bd8 21. Ra2 Bc7 22.
Bxc7 Qxc7 23. Rb2 e5 24. f3 Nf6 25. Qa5 Qe7 26. Qd2 exd4 27. Nxd4 Bd7 28. Rb7
Qxc5 29. Rc1 Qd6 30. Qc3 Rfc8 31. Rb2 Rc7 32. Ba6 c5 33. Nb5 Bxb5 34. Bxb5 a6
35. Bf1 Nd7 36. a5 c4 37. Rd1 Rb8 38. Rxb8+ Nxb8 39. Rb1 Rc8 40. Rb6 Qc5 41.
Rxh6 Kf8 42. Rh8+ Ke7 43. Qe5+ Kd7 44. Qf5+ Ke7 45. Qxg5+ Kd7 46. Qf5+ Kd6 47.
Rxc8 Qxe3+ 48. Kh1 Qe6 49. Qf4+ Qe5 50. Rd8+ Nd7 51. Rxd7+ 1-0

[Event "17. Open de la Constitución 2015"]
[Site "San Sebastian de los Reyes ES"]
[Date "2015.12.06"]
[Round "7.27"]
[White "Llamas Martinez, Pablo"]
[Black "Karunanithi, Bharath"]
[Result "0-1"]
[WhiteElo "1422"]
[BlackElo "1247"]
[PlyCount "96"]
[EventDate "2015.11.30"]
[EventType "swiss"]
[EventRounds "9"]
[EventCountry "ESP"]
[Source "lmi"]
[SourceDate "2015.11.30"]

1. e4 c5 2. Nf3 d6 3. Bc4 e6 4. Nc3 Nf6 5. d3 Be7 6. Bg5 h6 7. Bh4 Nc6 8. O-O
Bd7 9. d4 cxd4 10. Nxd4 a6 11. a3 b5 12. Ba2 O-O 13. f4 Qb6 14. Bf2 Qc7 15.
Nxc6 Bxc6 16. Re1 Rad8 17. Qf3 Rd7 18. Rad1 Qb7 19. Qg3 Nxe4 20. Nxe4 Bxe4 21.
Rd2 Bf6 22. Qh3 Bf5 23. Qe3 e5 24. fxe5 Bg5 25. Qe2 Bxd2 26. Qxd2 dxe5 27. Qc3
Qc7 28. Qxe5 Qxe5 29. Rxe5 Rd1+ 30. Be1 Bxc2 31. Kf2 Bb1 32. Ke2 Rfd8 33. Bb3
R1d3 34. Bc3 R3d7 35. Re3 Bg6 36. a4 Kh7 37. Re5 f6 38. Rc5 Bd3+ 39. Kf2 Re7
40. Kf3 Be2+ 41. Kf4 Rde8 42. Bc2+ Kh8 43. Bb4 g5+ 44. Kf5 Re5+ 45. Kxf6 R8e6+
46. Kf7 Bh5+ 47. Bg6 Bxg6+ 48. Kf8 Rf6# 0-1

[Event "17. Open de la Constitución 2015"]
[Site "San Sebastian de los Reyes ES"]
[Date "2015.12.06"]
[Round "7.29"]
[White "Moreno Fernandez, Jaime"]
[Black "Sirera Andres, Dario"]
[Result "0-1"]
[WhiteElo "1313"]
[BlackElo "1360"]
[PlyCount "126"]
[EventDate "2015.11.30"]
[EventType "swiss"]
[EventRounds "9"]
[EventCountry "ESP"]
[Source "lmi"]
[SourceDate "2015.11.30"]

1. e4 c5 2. d4 cxd4 3. Qxd4 Nc6 4. Qd1 d6 5. Nc3 Nf6 6. g3 g6 7. Bg2 Bg7 8. Nf3
O-O 9. O-O Be6 10. Nd5 Bxd5 11. exd5 Ne5 12. Bf4 Nxf3+ 13. Bxf3 Rb8 14. Qd3 Qc7
15. c3 b5 16. a4 Qc4 17. Qxc4 bxc4 18. Rab1 Rfc8 19. Rfe1 Kf8 20. Be3 Rb7 21.
Red1 Nd7 22. Bg4 f5 23. Bf3 Nc5 24. g4 Nd3 25. Rd2 Bxc3 26. Re2 Rcb8 27. Bh6+
Kf7 28. gxf5 Rxb2 29. fxg6+ hxg6 30. Rbxb2 Rxb2 31. Re4 Rxf2 32. Rf4+ Nxf4 33.
Kxf2 Nd3+ 34. Ke2 Nb2 35. Bg4 Nxa4 36. Be6+ Kf6 37. Bd7 Nc5 38. Bb5 Nb7 39.
Bxc4 a5 40. Bc1 a4 41. Bb5 Nc5 42. Kd1 Ke5 43. Kc2 Ba5 44. Bb2+ Kxd5 45. Ba3 e5
46. Be8 g5 47. Bf7+ Kd4 48. Bb2+ Ke4 49. Bg6+ Kf3 50. h3 Kg3 51. Bf5 e4 52. Bc1
d5 53. Be3 Bb6 54. Kc3 Kf3 55. Bd4 e3 56. Bg4+ Kf4 57. Kb4 Ke4 58. Bc3 d4 59.
Be1 Ba5+ 60. Ka3 Bxe1 61. Bh5 d3 62. Bg6+ Kf3 63. Bh5+ Kf2 0-1

[Event "17. Open de la Constitución 2015"]
[Site "San Sebastian de los Reyes ES"]
[Date "2015.12.06"]
[Round "7.30"]
[White "Lozano Hernanz, Rodrigo"]
[Black "Guillo Sanchez-Galiano, Ernesto"]
[Result "0-1"]
[WhiteElo "1399"]
[BlackElo "1201"]
[PlyCount "46"]
[EventDate "2015.11.30"]
[EventType "swiss"]
[EventRounds "9"]
[EventCountry "ESP"]
[Source "lmi"]
[SourceDate "2015.11.30"]

1. e4 d6 2. d4 g6 3. Nf3 Bg7 4. Be3 Bg4 5. Be2 Nf6 6. Nc3 O-O 7. Qd2 Bxf3 8.
Bxf3 c6 9. O-O-O Nbd7 10. Rdg1 e5 11. d5 Nb6 12. Bg5 a5 13. a4 Nbd7 14. dxc6
Nc5 15. cxb7 Nxb7 16. Nd5 Nc5 17. b3 Rc8 18. Qe3 Nxd5 19. exd5 Nxb3+ 20. Kb2
e4+ 21. Kxb3 Rc3+ 22. Qxc3 Qb6+ 23. Kc4 Rc8# 0-1

[Event "17. Open de la Constitución 2015"]
[Site "San Sebastian de los Reyes ES"]
[Date "2015.12.07"]
[Round "8.1"]
[White "Perez Mitjans, Orelvis"]
[Black "Anton Quevedo, Andrea"]
[Result "1-0"]
[WhiteElo "2478"]
[BlackElo "1810"]
[PlyCount "71"]
[EventDate "2015.11.30"]
[EventType "swiss"]
[EventRounds "9"]
[EventCountry "ESP"]
[Source "lmi"]
[SourceDate "2015.11.30"]

1. e4 Nf6 2. e5 Nd5 3. d4 d6 4. c4 Nb6 5. exd6 exd6 6. Be2 Nc6 7. Nc3 Be7 8.
Nf3 Bf5 9. d5 Ne5 10. Nd4 Bg6 11. f4 c5 12. fxe5 cxd4 13. Qxd4 dxe5 14. Qxe5
O-O 15. O-O Bf6 16. Qf4 Re8 17. Be3 Bxc3 18. bxc3 Re4 19. Qf3 Nxc4 20. Bxc4
Rxc4 21. Bd4 Rc7 22. Rad1 Rd7 23. c4 Qa5 24. h4 h5 25. g4 Bc2 26. Rc1 Qd2 27.
Bc3 Qd3 28. gxh5 Qxf3 29. Rxf3 Be4 30. Rg3 g6 31. Re1 Bf5 32. hxg6 fxg6 33. h5
Rc8 34. hxg6 b5 35. Re5 Bc2 36. Rh5 1-0

[Event "17. Open de la Constitución 2015"]
[Site "San Sebastian de los Reyes ES"]
[Date "2015.12.07"]
[Round "8.2"]
[White "Hernando Pertierra, Jose C"]
[Black "Lopez de Turiso, Jose Angel"]
[Result "1-0"]
[WhiteElo "2374"]
[BlackElo "2034"]
[PlyCount "129"]
[EventDate "2015.11.30"]
[EventType "swiss"]
[EventRounds "9"]
[EventCountry "ESP"]
[Source "lmi"]
[SourceDate "2015.11.30"]

1. d4 Nf6 2. Nf3 e6 3. g3 b6 4. Bg2 Bb7 5. O-O c5 6. b3 Be7 7. Bb2 O-O 8. dxc5
Bxc5 9. Ba3 Qe7 10. Bxc5 Qxc5 11. c4 d5 12. Qd4 dxc4 13. Qxc5 bxc5 14. bxc4
Nbd7 15. Nbd2 Bc6 16. Rfb1 Rfb8 17. Rb3 Rb6 18. Ne1 Bxg2 19. Kxg2 Kf8 20. Nd3
Ke7 21. h3 Kd6 22. f4 e5 23. Rd1 exf4 24. gxf4 Kc6 25. Nf3 Re8 26. Nfe5+ Nxe5
27. Nxe5+ Kc7 28. Ra3 a6 29. Kf3 Re7 30. Ra5 Nd7 31. Nxd7 Rxd7 32. Rxc5+ Kd8
33. Rd3 Rh6 34. Kg4 Re6 35. Re5 Rc6 36. c5 Kc7 37. f5 Rh6 38. h4 Rf6 39. Re8 g6
40. Re5 h6 41. h5 g5 42. a4 Kc6 43. Rb3 Rb7 44. Rxb7 Kxb7 45. e4 Kc7 46. Rd5
Kc6 47. Kf3 Kc7 48. Kg3 Kc6 49. Kg4 a5 50. Kf3 Kb7 51. Ke3 Kc6 52. Kd4 Kc7 53.
Ke3 Kc6 54. Kf3 Kb7 55. Rd7+ Kc6 56. Ra7 Kxc5 57. Rxa5+ Kb6 58. Rb5+ Ka6 59.
Rd5 Kb6 60. a5+ Ka6 61. Ke3 Kb7 62. Kd4 Rc6 63. Rd7+ Ka6 64. Rxf7 Kxa5 65. e5
1-0

[Event "17. Open de la Constitución 2015"]
[Site "San Sebastian de los Reyes ES"]
[Date "2015.12.07"]
[Round "8.3"]
[White "Roa Alonso, Santiago"]
[Black "Cabanas Bravo, Juan Andres"]
[Result "1-0"]
[WhiteElo "2380"]
[BlackElo "2012"]
[PlyCount "41"]
[EventDate "2015.11.30"]
[EventType "swiss"]
[EventRounds "9"]
[EventCountry "ESP"]
[Source "lmi"]
[SourceDate "2015.11.30"]

1. e4 d5 2. exd5 Nf6 3. c4 c6 4. Nf3 cxd5 5. cxd5 Nxd5 6. Nc3 Nc7 7. Bc4 g6 8.
Qb3 e6 9. d4 Bg7 10. Bg5 f6 11. Bf4 Kf7 12. Ne4 Bf8 13. Nxf6 Nc6 14. O-O Nxd4
15. Nxd4 Qxd4 16. Bxc7 Qxf6 17. Rae1 Rg8 18. Re3 Qe7 19. Rf3+ Ke8 20. Bb5+ Bd7
21. Rd1 1-0

[Event "17. Open de la Constitución 2015"]
[Site "San Sebastian de los Reyes ES"]
[Date "2015.12.07"]
[Round "8.4"]
[White "Hernandez Ramos, David"]
[Black "Soares, Erikson Roberto Mau"]
[Result "0-1"]
[WhiteElo "1886"]
[BlackElo "2226"]
[PlyCount "72"]
[EventDate "2015.11.30"]
[EventType "swiss"]
[EventRounds "9"]
[EventCountry "ESP"]
[Source "lmi"]
[SourceDate "2015.11.30"]

1. d4 d5 2. c4 e6 3. Nf3 Nf6 4. Nc3 c6 5. cxd5 exd5 6. Bf4 Bd6 7. Bxd6 Qxd6 8.
g3 O-O 9. Bg2 Bf5 10. a3 Nbd7 11. O-O b5 12. b4 a5 13. Qb3 Ra6 14. Nh4 Be6 15.
f4 Nb6 16. bxa5 Nc4 17. Qb4 Rfa8 18. f5 Bd7 19. e4 dxe4 20. Qxd6 Nxd6 21. Rae1
Re8 22. h3 Rxa5 23. Nb1 Ra4 24. Rd1 Nc4 25. Rfe1 Nb2 26. Rd2 Nd3 27. Re3 Rxd4
28. Nc3 c5 29. Bf1 c4 30. g4 h6 31. Ng2 Ra8 32. Nb1 Nd5 33. Rg3 b4 34. axb4 Ra1
35. Bxd3 cxd3 36. Rd1 Rxb4 0-1